Statistics for Countries with the Smallest Life Expectancy Gender Gap

Click here to take the quiz!

General Stats

  • This quiz has been taken 22 times
  • The average score is 11 of 20

Answer Stats

YearsCountry% Correct
1.9Niger
88%
2.2Nigeria
88%
1.4Burkina Faso
75%
1.6Guinea
75%
0.1Mali
75%
1.5Sierra Leone
75%
2.5Togo
75%
2.3Benin
69%
2.1Iran
69%
2.5Gabon
63%
2.1Cote d'Ivoire
56%
2.1Morocco
56%
2.5South Sudan
56%
2.0Pakistan
44%
2.2United Arab Emirates
44%
1.7Bahrain
38%
0.6Bhutan
31%
2.5Bangladesh
25%
2.3Kuwait
25%
2.5Federated States of Micronesia
0%

Score Distribution

Percentile by Number Answered

Percent of People with Each Score

Your Score History

You have not taken this quiz